Central Library OPAC University of Rajshahi

Progress in fundamental medicine (Record no. 68088)

MARC details
000 -LEADER
fixed length control field 00726nam a2200241 a 4500
001 - CONTROL NUMBER
control field 68088
003 - CONTROL NUMBER IDENTIFIER
rucl marc code BD-RjUL
005 - DATE AND TIME OF LATEST TRANSACTION
control field 20211209081729.0
008 - FIXED-LENGTH DATA ELEMENTS--GENERAL INFORMATION
fixed length control field 170330s1952 paua 001 0 eng
035 ## - SYSTEM CONTROL NUMBER
System control number (BD-RjUL)68297
040 ## - CATALOGING SOURCE
Original cataloging agency DLC
Transcribing agency OYU
Modifying agency DNLM
-- DLC
-- BD-RjUL
Language of cataloging eng
041 ## - LANGUAGE CODE
Language code of text/sound track or separate title eng
082 ## - DEWEY DECIMAL CLASSIFICATION NUMBER
Edition number 23
Classification number 610
Author mark and year PRO 1952
100 ## - MAIN ENTRY--PERSONAL NAME
Dates associated with a name 1911-
9 (RLIN) 201843
245 00 - TITLE STATEMENT
Title Progress in fundamental medicine
Statement of responsibility, etc. Paul Cannon [et al...] ; editors J. F. A. MacManus.
260 ## - PUBLICATION, DISTRIBUTION, ETC. (IMPRINT)
Place of publication, distribution, etc. Philadelphia,
Name of publisher, distributor, etc. Lea & Febiger,
Date of publication, distribution, etc. 1952.
300 ## - PHYSICAL DESCRIPTION
Pagination 316 p. :
Illustrations ill. ;
Size 27 cm.
500 ## - GENERAL NOTE
General note Includes index.
650 #0 - SUBJECT ADDED ENTRY--TOPICAL TERM
Topical term or geographic name as entry element Medicine.
9 (RLIN) 201844
700 ## - ADDED ENTRY--PERSONAL NAME
Personal name Cannon, Paul
Fuller form of name authors
Personal name MacManus, J. F. A.
Fuller form of name editors
942 ## - ADDED ENTRY ELEMENTS (KOHA)
Source of classification or shelving scheme Dewey Decimal Classification
Koha item type Books
Holdings
Lost status Source of classification or shelving scheme Damaged status Not for loan Collection code Permanent Location Current Location Shelving location Date acquired Source of acquisition Total Checkouts Full call number Date last seen Copy number Koha item type
  Dewey Decimal Classification   Not For Loan Non-fiction Central Library, University of Rajshahi Central Library, University of Rajshahi Reading Room 30/06/1961 Asia Foundation   610 PRO 1952 30/03/2017 C-1 Books